Statistiques concernant Lieux touristiques au Québec

Cliquez ici pour prendre le quiz!

Statistiques générales

  • Ce quiz a été pris 21 fois
  • Le résultat moyen est 7 sur 16

Statistiques - réponses

Réponse% Correct
La Ronde
84%
Rocher percé
74%
Baleines -Tadoussac
68%
Casino de Montréal
63%
Village vacances Valcartier
58%
Zoo de Granby
53%
Chute Montmorency
47%
Mont-Tremblant
47%
Gorge de Coaticook
42%
Massif de Charlevoix
42%
Foresta Lumina
32%
Mont Mégantic
32%
Terrasse Dufferin
32%
Musée des beaux-arts de Montréal
26%
Village québécois d'Antan
26%
Basilique Saint-Anne-de-Beaupré
16%

Distribution des résultats

Percentile par nombre de réponses

% des personnes avec chaque résultat

Votre développement - résultats

Vous n’avez pas pris ce quiz